000
00193nam a2200073Ia 4500
008
170817s9999 xx 000 0 und d
100
_a
BRENNAN JAMES F.
245
0
_a
HISTORY & SYSTEM OF PSYCHOLOGY
260
_b
PEARSON EDUCATION
999
_c
36931
_d
36931